ბათუმის შოთა რუსთაველის სახელმწიფო უნივერსიტეტის ბიბლიოთეკა

"ზოგადი პროფილის ექიმი-მკურნალი" : (ბიბ.ჩანაწერი № 62469)

000 -ლიდერი
ფიქსირებული სიგრძის საკონტროლო ველი 01262nam a22002297a 4500
003 - საკონტროლო ნომრის იდენტიფიკატორი
საკონტროლო ველი Ge_BSU
005 - ბოლო ოპერაციის თარიღი და დრო
საკონტროლო ველი 20241114122747.0
008 - ფიქსირებული სიგრძის მონაცემთა ელემენტები - ზოგადი ინფორმაცია
ფიქსირებული სიგრძის საკონტროლო ველი 241114s1998 ge ||||| |||| 00| 0 geo d
041 ## - ენის კოდი
Language code of text/sound track or separate title geo
080 ## - უნივერსალური ათობითი კლასიფიკაციის ინდექსი
Universal Decimal Classification number 616(076.3): 617(076.3): 331.547:61ზ-76
245 ## - ცნობა სათაურის შესახებ
Title "ზოგადი პროფილის ექიმი-მკურნალი" :
Remainder of title სასერტიფიკაციო ტესტ-კითხვარი /
Statement of responsibility, etc შემდგ.: დ. ტვილდიანი და სხვ. ; რედ.: ა. კეკელიძე, ც. ჯანელიძე.
264 ## - წარმოების, გამოცემის, დისტრიბუციის და სხვა ცნობები
გამოცემის, წარმოების, დისტრიბუციის... ადგილი თბილისი,
გამოცემის, წარმოების, დისტრიბუციის... თარიღი 1998.
300 ## - ფიზიკური აღწერა
Extent 243 გვ. ;
Other physical details 28 სმ.
653 ## - INDEX TERM--UNCONTROLLED
Uncontrolled term მედიცინა - ტესტ-კითხვარები.
653 ## - INDEX TERM--UNCONTROLLED
Uncontrolled term შინაგანი დაავადებები.
653 ## - INDEX TERM--UNCONTROLLED
Uncontrolled term ქირურგია.
700 ## - ADDED ENTRY--PERSONAL NAME
Personal name ტვილდიანი, დ
Relator term შემდგენელი და სხ.
9 (RLIN) 6357
700 ## - ADDED ENTRY--PERSONAL NAME
Personal name კეკელიძე, ა
Relator term რედაქტორი
9 (RLIN) 23694
700 ## - ADDED ENTRY--PERSONAL NAME
Personal name ჯანელიძე, ც
Relator term რედაქტორი
9 (RLIN) 23695
710 ## - ADDED ENTRY--CORPORATE NAME
Corporate name or jurisdiction name as entry element საქ. ჯანმრთელობის დაცვის სამინ.
9 (RLIN) 23696
942 ## - ADDED ENTRY ELEMENTS (KOHA)
Source of classification or shelving scheme
Koha item type წიგნი
ეგზემპლარები
ჩამოწერის სტატუსი დაკარგული ეგზემპლარის სტატუსი კლასიფიკაციის წყარო ან თაროზე გაწყობის სქემა დაზიანების სტატუსი არ გაიცემა მუდმივი მდებარეობა (დაცვის ადგილი) ამჟამინდელი ადგილსამყოფელი თაროზე განთავსების ადგილი შეძენის თარიღი ღირებულება, შესყიდვის ნორმალური ფასი სრული შენახვის შიფრი შტრიხკოდი ბოლო ოპერაციის თარიღი ეგზემპლარის მიმდევრობითი ნომერი (კეტერი?) ფასის ძალაში შესვლის თარიღი ეგზემპლარის სახეობა საჯარო შენიშვნა
          ბათუმის შოთა რუსთაველის სახელმწიფო უნივერსიტეტის მთავარი ბიბლიოთეკა ბათუმის შოთა რუსთაველის სახელმწიფო უნივერსიტეტის მთავარი ბიბლიოთეკა წიგნსაცავი 2024-11-14 12.00 616(076.3): 617(076.3): 331.547:61ზ-76 69754 2024-11-14 69754 2024-11-14 წიგნი 12.00
          ბათუმის შოთა რუსთაველის სახელმწიფო უნივერსიტეტის მთავარი ბიბლიოთეკა ბათუმის შოთა რუსთაველის სახელმწიფო უნივერსიტეტის მთავარი ბიბლიოთეკა წიგნსაცავი 2024-11-14 12.00 616(076.3): 617(076.3): 331.547:61ზ-76 69753 2024-11-14 69753 2024-11-14 წიგნი 12.00